| 000 | 00961cam a2200265 a 4500 | ||
|---|---|---|---|
| 001 | 16774098 | ||
| 003 | OSt | ||
| 005 | 20150408114135.0 | ||
| 008 | 130803s2011 ne a b 001 0 eng | ||
| 010 | _a 2011013969 | ||
| 020 | _a9781597496537 | ||
| 040 | _aMa-Un | ||
| 082 | 0 | 0 |
_a005.8 _bAJB _223 |
| 100 | 1 |
_aAndress, Jason. _936303 |
|
| 245 | 1 | 4 |
_aThe basics of information security : _bunderstanding the fundamentals of InfoSec in theory and practice / _cJason Andress. |
| 260 |
_aAmsterdam ; _aBoston : _bSyngress, _c2011. |
||
| 300 |
_axviii, 171 p. : _bill. ; _c24 cm. |
||
| 504 | _aIncludes bibliographical references and index. | ||
| 650 | 0 | _aComputer security. | |
| 650 | 0 |
_aComputer networks _xSecurity measures. |
|
| 650 | 0 |
_aInformation resources management. _94150 |
|
| 906 |
_a7 _bcbc _corignew _d1 _eecip _f20 _gy-gencatlg |
||
| 942 |
_2ddc _cDVD |
||
| 999 |
_c30229 _d264729 |
||